GHSA Teams - Statistics

General Stats
  • This quiz has been taken 141 times
  • The average score is 159 of 457
Answer Stats
Hint Answers % Correct
AAAAAA Region 3 Woodward Academy
89%
AAAAAAA Region 8 Buford High School
74%
AAAA Region 7 Central High School (Carroll)
74%
AA Region 2 Central High School (Macon)
74%
A-DII Region 6 Central High School (Talbotton)
74%
AAAA Region 8 East Hall High School
74%
AAAAAA Region 2 Glynn Academy
74%
AAA Region 8 Oconee County High School
74%
AAAA Region 5 Pace Academy
74%
AAA Region 2 Peach County High School
74%
AAAAAAA Region 6 West Forsyth High School
74%
AAA Region 7 West Hall High School
74%
AAAA Region 8 East Forsyth High School
68%
A-D1 Region 2 Jefferson County High School
68%
AAAAA Region 8 Jefferson High School
68%
AAAAA Region 5 Maynard Jackson High School (Atlanta)
68%
AA Region 4 Washington County High School
68%
AA Region 6 Washington High School
68%
AAA Region 7 White County High School
68%
AAAAAA Region 7 Blessed Trinity Catholic High School
63%
AAAAAAA Region 4 Grayson High School
63%
AAAAAA Region 1 Houston County High School
63%
AAAAAA Region 8 Jackson County High School
63%
AAA Region 2 Jackson High School
63%
AAAAA Region 2 Jones County High School
63%
AAAAAAA Region 1 Lowndes High School
63%
AAAAAAA Region 8 Mill Creek High School
63%
AAAAAAA Region 6 Milton High School
63%
AAAAAAA Region 7 North Gwinnett High School
63%
AAAA Region 8 North Hall High School
63%
AAAAAAA Region 6 South Forsyth High School
63%
AAAAAAA Region 4 South Gwinnett High School
63%
AAAAAAA Region 1 Valdosta High School
63%
AAAAAAA Region 4 Archer High School
58%
AA Region 8 Banks County High School
58%
A-D1 Region 1 Brooks County High School
58%
AAAAAAA Region 2 Carrollton High School
58%
AAAAAAA Region 5 Cherokee High School
58%
AAAAA Region 1 Coffee High School
58%
AAA Region 1 Columbus High School
58%
A-D1 Region 7 Dade County High School
58%
A-D1 Region 2 East Laurens High School
58%
AAAAAA Region 8 Gainesville High School
58%
AAAAAA Region 4 Marist School
58%
AAA Region 4 Morgan County High School
58%
AAAA Region 8 North Oconee High School
58%
AAAAA Region 3 Northside High School (Columbus)
58%
AAAAAA Region 1 Northside High School (Warner Robins)
58%
A-D1 Region 5 Oglethorpe County High School
58%
AAAAAA Region 3 Rockdale County High School
58%
AAAA Region 4 Starr's Mill High School
58%
AAAA Region 5 Stockbridge High School
58%
AAAAA Region 1 Ware County High School
58%
AAAAA Region 2 Warner Robins High School
58%
AA Region 4 AR Johnson Magnet High School
53%
A-DII Region 1 Calhoun County High School
53%
AAAAA Region 7 Calhoun High School
53%
AAAAA Region 7 Cartersville High School
53%
AAA Region 5 Carver High School (Atlanta)
53%
AAA Region 1 Carver High School (Columbus)
53%
AAA Region 1 Crisp County High School
53%
AAAAAAA Region 6 Denmark High School
53%
AAAAAAA Region 2 East Coweta High School
53%
AAAAA Region 8 Eastside High School
53%
AAAAAA Region 2 Evans High School
53%
AAAAAA Region 3 Forest Park High School
53%
AAAAAAA Region 6 Forsyth Central High School
53%
AAA Region 8 Franklin County High School
53%
AAAA Region 2 Howard High School
53%
A-D1 Region 1 Irwin County High School
53%
AA Region 1 Jefferson Davis High School
53%
A-DII Region 5 Johnson County High School
53%
AAAA Region 8 Johnson High School (Gainesville)
53%
AAA Region 3 Johnson High School (Savannah)
53%
AAAA Region 4 LaGrange High School
53%
A-DII Region 2 Lanier County High School
53%
AAAAAA Region 8 Lanier High School
53%
AAAAA Region 8 Loganville High School
53%
AAAA Region 8 Madison County High School
53%
AAAAAAA Region 4 Newton High School
53%
AAAAAAA Region 4 Parkview High School
53%
AAAAAAA Region 1 Richmond Hill High School
53%
AAAAAA Region 7 Roswell High School
53%
A-D1 Region 3 Savannah High School
53%
AA Region 6 South Atlanta High School
53%
AAA Region 8 Stephens County High School
53%
AAAAAA Region 1 Tift County High School
53%
AA Region 8 Union County High School
53%
AAAAAA Region 1 Veterans High School
53%
AAAA Region 8 Walnut Grove High School
53%
AAAA Region 2 West Laurens High School
53%
A-D1 Region 8 Athens Christian School
47%
AAAA Region 2 Baldwin High School
47%
AAAA Region 3 Benedictine Military School
47%
AAA Region 5 Cedar Grove High School
47%
AAAA Region 8 Cherokee Bluff High School
47%
AAAAAAA Region 8 Collins Hill High School
47%
AAAAA Region 4 Decatur High School
47%
AAAAAA Region 5 Douglas County High School
47%
A-D1 Region 2 Dublin High School
47%
A-D1 Region 8 Elbert County High School
47%
AAA Region 7 Gilmer High School
47%
AAAAA Region 6 Greater Atlanta Christian School
47%
AAAAAA Region 8 Habersham Central High School
47%
AAA Region 8 Hart County High School
47%
AAAAAA Region 1 Lee County High School
47%
AAA Region 7 Lumpkin County High School
47%
A-DII Region 6 Macon County High School
47%
AAA Region 8 Monroe Area High School
47%
AAA Region 1 Monroe High School
47%
AAAAAA Region 8 North Forsyth High School
47%
AAAAAA Region 5 Paulding County High School
47%
AAAA Region 2 Perry High School
47%
AA Region 3 Pierce County High School
47%
A-D1 Region 8 Rabun County High School
47%
AAA Region 4 Richmond Academy
47%
AAAAAA Region 4 Saint Pius X Catholic High School
47%
A-D1 Region 5 Social Circle High School
47%
AAAA Region 2 Spalding High School
47%
A-D1 Region 2 Swainsboro High School
47%
AAAA Region 5 The Lovett School
47%
A-DII Region 8 Towns County High School
47%
AAAA Region 4 Troup County High School
47%
AA Region 3 Vidalia High School
47%
AAAAAAA Region 5 Walton High School
47%
AAAA Region 4 Whitewater High School
47%
AAAAA Region 8 Winder-Barrow High School
47%
AAAAAA Region 5 Alexander High School
42%
A-D1 Region 7 Armuchee High School
42%
A-D1 Region 1 Bacon County High School
42%
A-D1 Region 2 Bleckley County High School
42%
A-DII Region 7 Bowdon High School
42%
AAAAAAA Region 4 Brookwood High School
42%
AA Region 4 Butler High School
42%
AAAAAAA Region 1 Camden County High School
42%
AAAA Region 8 Cedar Shoals High School
42%
AAAAA Region 8 Clarke Central High School
42%
AAAAAAA Region 1 Colquitt County High School
42%
A-D1 Region 8 Commerce High School
42%
AAAAA Region 5 Creekside High School
42%
AAAAAAA Region 8 Dacula High School
42%
AA Region 1 Dodge County High School
42%
AA Region 5 Eagle's Landing Christian Academy
42%
AAAAAA Region 6 Etowah High School
42%
AAAAA Region 1 Greenbrier High School
42%
A-DII Region 8 Greene County High School
42%
AAAA Region 5 Hampton High School
42%
AAAAA Region 3 Harris County High School
42%
AAAA Region 7 Heritage High School (Catoosa)
42%
AAAAA Region 8 Heritage High School (Conyers)
42%
AAAAA Region 1 H. V. Jenkins High School
42%
AAAA Region 3 Islands High School
42%
A-DII Region 3 Jenkins County High School
42%
AAAAAA Region 5 Langston Hughes High School
42%
AAAA Region 5 McDonough High School
42%
A-DII Region 3 McIntosh County Academy
42%
AAAAA Region 3 McIntosh High School
42%
AAAAAA Region 3 Morrow High School
42%
A-DII Region 7 Mount Zion High School (Carrollton)
42%
AAAA Region 5 Mount Zion High School (Jonesboro)
42%
AAAAAA Region 4 North Atlanta High School
42%
AAAAAAA Region 5 North Cobb High School
42%
AAAAAAA Region 3 North Paulding High School
42%
AAAA Region 7 Northwest Whitfield High School
42%
AAAAA Region 2 Ola High School
42%
AAA Region 2 Pike County High School
42%
AAAAAA Region 7 Pope High School
42%
A-D1 Region 5 Prince Avenue Christian School
42%
AAA Region 6 Ringgold High School
42%
AAA Region 5 Sandy Creek High School
42%
AAAA Region 7 Southeast Whitfield High School
42%
AA Region 2 Southwest Magnet High School
42%
AAAAAA Region 1 Thomas County Central High School
42%
AA Region 3 Toombs County High School
42%
A-D1 Region 7 Trion High School
42%
AAAA Region 3 Wayne County High School
42%
AA Region 4 Westside High School (Augusta)
42%
AAAA Region 2 Westside High School (Macon)
42%
AA Region 1 Americus Sumter High School
37%
AA Region 3 Appling County High School
37%
A-DII Region 7 Atlanta Classical Academy
37%
AA Region 1 Berrien High School
37%
AAA Region 6 Bremen High School
37%
AAAAAA Region 2 Brunswick High School
37%
A-D1 Region 3 Bryan County High School
37%
AAAA Region 1 Cairo High School
37%
AAAAAAA Region 2 Campbell High School
37%
AAAAAAA Region 8 Central Gwinnett High School
37%
A-DII Region 2 Charlton County High School
37%
A-DII Region 6 Chattahoochee County High School
37%
AAAAA Region 6 Chattahoochee High School
37%
AAAAA Region 7 Dalton High School
37%
AA Region 8 East Jackson Comprehensive High School
37%
AAAAAA Region 2 Effingham County High School
37%
AAAA Region 4 Fayette County High School
37%
AAAA Region 2 Griffin High School
37%
AAAAAAA Region 3 Harrison High School
37%
AAAAAA Region 7 Johns Creek High School
37%
AAAAAA Region 3 Jonesboro High School
37%
AA Region 2 Jordan Vocational High School
37%
A-DII Region 8 Lincoln County High School
37%
AAAAA Region 2 Locust Grove High School
37%
AAAAA Region 5 Midtown High School (Grady)
37%
AAAA Region 4 North Clayton High School
37%
AA Region 4 Putnam County High School
37%
AAAAAA Region 6 Rome High School
37%
A-DII Region 6 Schley County High School
37%
A-D1 Region 3 Screven County High School
37%
AAAAAA Region 2 South Effingham High School
37%
A-DII Region 4 Telfair County High School
37%
A-D1 Region 7 The Dalton Academy
37%
A-DII Region 2 Turner County High School
37%
AAAAAAA Region 2 Westlake High School
37%
A-DII Region 4 Wilcox County High School
37%
AAAAAA Region 6 Woodstock High School
37%
AAAAAA Region 3 Alcovy High School
32%
AAAAAA Region 6 Allatoona High School
32%
AA Region 8 Athens Academy
32%
A-DII Region 2 Atkinson County High School
32%
AAAAA Region 1 Bradwell Institute
32%
A-D1 Region 7 Chattooga High School
32%
AAAA Region 8 Chestatee High School
32%
A-DII Region 2 Clinch County High School
32%
A-D1 Region 4 Crawford County Middle High School
32%
AAAAAA Region 6 Creekview High School
32%
AAA Region 7 Dawson County High School
32%
AAAAAAA Region 7 Duluth High School
32%
AAAAAA Region 4 Dunwoody High School
32%
AAAAA Region 2 Dutchtown High School
32%
AAAAA Region 2 Eagle's Landing High School
32%
AA Region 7 Fannin County High School
32%
AA Region 8 Fellowship Christian School
32%
AA Region 1 Fitzgerald High School
32%
AAAAA Region 8 Flowery Branch High School
32%
AA Region 4 Glenn Hills High School
32%
AAA Region 6 Gordon Lee Memorial High School
32%
A-D1 Region 4 Heard County High School
32%
AAAAA Region 7 Hiram High School
32%
A-D1 Region 5 Jasper County High School
32%
AAAAAAA Region 5 Kennesaw Mountain High School
32%
AAAAAA Region 4 Lakeside High School (DeKalb)
32%
AAAAAA Region 2 Lakeside High School (Evans)
32%
A-D1 Region 4 Lamar County High School
32%
AAAAAAA Region 6 Lambert High School
32%
AA Region 5 Landmark Christian School
32%
AA Region 4 Laney High School
32%
AAAAAA Region 7 Lassiter High School
32%
AAAAAA Region 3 Lovejoy High School
32%
AAAAAAA Region 3 Marietta High School
32%
AAA Region 2 Mary Persons High School
32%
AAAAAAA Region 7 Meadowcreek High School
32%
AAAAAA Region 3 Mundy's Mill High School
32%
AAAAAA Region 5 Newnan High School
32%
AAAAAAA Region 7 Norcross High School
32%
AA Region 2 Northeast High School
32%
AAAAA Region 6 Northview High School
32%
AAAAAAA Region 7 Peachtree Ridge High School
32%
AAA Region 7 Pickens High School
32%
AAA Region 4 Salem High School
32%
AA Region 3 Savannah Arts Academy
32%
AAA Region 3 Savannah Christian Preparatory School
32%
A-DII Region 3 Savannah Early College High School
32%
AAAAAA Region 5 South Paulding High School
32%
AAAA Region 6 Stone Mountain High School
32%
AA Region 3 Tattnall County High School
32%
A-DII Region 6 Taylor County High School
32%
AA Region 6 The Walker School
32%
AAAAA Region 5 Tri-Cities High School
32%
AA Region 4 T.W. Josey Camp High School
32%
AAAAA Region 2 Union Grove High School
32%
AAA Region 2 Upson-Lee High School
32%
AAAAA Region 5 Villa Rica High School
32%
A-DII Region 4 Wheeler County High School
32%
AAAAAAA Region 5 Wheeler High School
32%
AAAAA Region 7 Woodland High School (Cartersville)
32%
AAAA Region 5 Woodland High School (Stockbridge)
32%
AAAAAA Region 7 Alpharetta High School
26%
AAAA Region 1 Bainbridge High School
26%
A-D1 Region 8 Barrow Arts and Science Academy
26%
AAA Region 3 Beach High School
26%
AAAAA Region 5 Benjamin E. Mays High School
26%
AAAAAAA Region 7 Berkmar High School
26%
AA Region 3 Brantley County High School
26%
AAAA Region 3 Burke County High School
26%
AA Region 5 Callaway High School
26%
AAAAA Region 7 Cass High School
26%
AAAA Region 7 Cedartown High School
26%
AAAAA Region 5 Chapel Hill High School
26%
A-D1 Region 3 Claxton High School
26%
A-D1 Region 7 Darlington School
26%
AAAAAAA Region 7 Discovery High School
26%
A-DII Region 4 Dooly County High School
26%
AAA Region 1 Dougherty Comprehensive High School
26%
AAAA Region 6 Druid Hills High School
26%
AAAAAA Region 5 East Paulding High School
26%
A-DII Region 3 Emanuel County Institute
26%
A-DII Region 5 Georgia Military College Preparatory School
26%
AA Region 7 Gordon Central High School
26%
AAAAAA Region 2 Grovetown High School
26%
AA Region 7 Haralson County High School
26%
AAA Region 4 Harlem High School
26%
AAAAAAA Region 3 Hillgrove High School
26%
AAAA Region 6 Holy Innocents' Episcopal School
26%
AAAAA Region 6 Kell High School
26%
A-DII Region 8 Lake Oconee Academy
26%
AAA Region 3 Liberty County High School
26%
AAAAA Region 4 Lithonia High School
26%
AAA Region 3 Long County High School
26%
AAAA Region 5 Luella High School
26%
A-DII Region 6 Marion County Middle/High School
26%
AAAAA Region 4 Martin Luther King High School
26%
AAAAAAA Region 3 McEachern High School
26%
A-D1 Region 3 Metter High School
26%
A-DII Region 1 Miller County High School
26%
A-DII Region 1 Mitchell County High School
26%
A-DII Region 3 Montgomery County High School
26%
AAAAAAA Region 8 Mountain View High School
26%
AA Region 7 Murray County High School
26%
AAAAAA Region 5 New Manchester High School
26%
AA Region 7 North Murray High School
26%
AAAAAAA Region 2 Pebblebrook High School
26%
AAAA Region 4 Riverdale High School
26%
AAAAAA Region 4 Riverwood High School
26%
AA Region 7 Rockmart High School
26%
A-D1 Region 6 Saint Francis High School
26%
AAAA Region 8 Seckinger High School
26%
A-DII Region 1 Seminole County High School
26%
AAAAAA Region 4 South Cobb High School
26%
AAAAA Region 1 Statesboro High School
26%
A-D1 Region 6 The Mount Vernon School
26%
AAA Region 1 Thomasville High School
26%
AA Region 5 Towers High School
26%
AAAA Region 4 Trinity Christian School
26%
A-DII Region 8 Warren County High School
26%
A-DII Region 8 Washington-Wilkes Comprehensive High School
26%
AAA Region 7 Wesleyan School
26%
AAAA Region 6 Westminster School
26%
A-D1 Region 6 Whitefield Academy
26%
A-DII Region 5 Wilkinson County High School
26%
AAA Region 6 Adairsville High School
21%
AAAAAA Region 8 Apalachee High School
21%
A-DII Region 1 Baker County High School
21%
AAA Region 3 Calvary Day School
21%
AAAAA Region 6 Cambridge High School
21%
AAAAA Region 4 Chamblee High School
21%
AA Region 5 Columbia High School
21%
AA Region 1 Cook High School
21%
AA Region 4 Davidson Fine Arts Magnet School
21%
AAA Region 5 Douglass High School (Atlanta)
21%
AA Region 6 Drew Charter School
21%
AAAAA Region 3 Drew High School
21%
A-DII Region 5 Hancock Central High School
21%
AAAA Region 6 Hapeville Charter Career Academy
21%
AAA Region 6 Lafayette High School
21%
AAAAA Region 5 Lithia Springs High School
21%
A-DII Region 6 Manchester High School
21%
AA Region 7 Model High School
21%
AA Region 6 Mount Paran Christian School
21%
A-D1 Region 6 Mount Pisgah Christian School
21%
AA Region 6 North Cobb Christian School
21%
AAAAA Region 3 Northgate High School
21%
A-D1 Region 7 Pepperell High School
21%
A-DII Region 1 Randolph-Clay High School
21%
AA Region 5 Redan High School
21%
AAAAAA Region 6 River Ridge High School
21%
AA Region 2 Rutland High School
21%
AAAAAA Region 6 Sequoyah High School
21%
AAAA Region 1 Shaw High School
21%
AAAAAA Region 8 Shiloh High School
21%
AAAA Region 3 Southeast Bulloch High School
21%
AAAA Region 6 Southwest DeKalb High School
21%
AA Region 2 Spencer High School
21%
A-D1 Region 4 Temple High School
21%
AA Region 4 Thomson High School
21%
A-DII Region 4 Treutlen High School
21%
AA Region 1 Worth County High School
21%
AA Region 2 ACE Charter
16%
AAAAA Region 4 Arabia Mountain High School
16%
AAAAA Region 5 Banneker High School
16%
AA Region 6 B.E.S.T. Academy
16%
AAAAA Region 6 Centennial High School
16%
AAAA Region 6 Clarkston High School
16%
A-D1 Region 7 Coosa High School
16%
AAAAA Region 4 Cross Keys High School
16%
A-DII Region 1 Early County High School
16%
A-DII Region 2 Echols County High School
16%
A-DII Region 5 Georgia Academy For The Blind
16%
A-DII Region 5 Glascock County High School
16%
A-DII Region 6 Greenville High School
16%
AAA Region 3 Groves High School
16%
AAAA Region 1 Hardaway High School
16%
AAA Region 4 Hephzibah High School
16%
AAAAAA Region 7 Innovation Academy
16%
AA Region 2 Kendrick High School
16%
A-D1 Region 6 King's Ridge Christian School
16%
AA Region 5 McNair High School
16%
AAAA Region 6 Miller Grove High School
16%
A-D1 Region 6 Mount Bethel Christian Academy
16%
AAAAA Region 6 North Springs High School
16%
AAAAAAA Region 5 Osborne High School
16%
A-D1 Region 1 Pelham High School
16%
A-DII Region 3 Portal High School
16%
A-DII Region 1 Quitman County High School
16%
AAA Region 3 Savannah Country Day School
16%
AAAAAA Region 7 Sprayberry High School
16%
A-D1 Region 6 The Galloway School
16%
AAAAA Region 4 Tucker High School
16%
A-DII Region 5 Twiggs County High School
16%
AA Region 3 Windsor Forest High School
16%
A-DII Region 8 Aquinas High School
11%
A-D1 Region 6 Atlanta International School
11%
A-DII Region 1 Baconton Community Charter School
11%
A-DII Region 7 Christian Heritage School
11%
AAA Region 6 Coahulla Creek High School
11%
AAA Region 4 Cross Creek High School
11%
AA Region 5 Elite Scholars Academy
11%
A-DII Region 6 Furlow Charter School
11%
A-DII Region 7 Georgia School For the Deaf
11%
A-DII Region 7 Greenforest-McCalep Christian Academy
11%
A-DII Region 4 Hawkinsville High School
11%
AAA Region 8 Hebron Christian Academy
11%
AA Region 6 KIPP Atlanta Collegiate
11%
AAA Region 6 Lakeview-Fort Oglethorpe High School
11%
AAAA Region 3 New Hampstead High School
11%
AAA Region 6 Ridgeland High School
11%
AAA Region 3 Saint Vincent's Academy
11%
A-DII Region 3 Savannah Classical Academy
11%
AAAA Region 7 Sonoraville High School
11%
AAAA Region 6 Stephenson High School
11%
A-DII Region 8 Taliaferro County High School
11%
A-D1 Region 8 Tallulah Falls School
11%
A-DII Region 1 Terrell County High School
11%
AA Region 6 Therrell High School
11%
A-DII Region 6 Webster County Schools
11%
A-D1 Region 3 Woodville-Tompkins Institute
11%
A-DII Region 7 Ben Franklin Academy
5%
AA Region 6 Coretta Scott King Academy
5%
A-DII Region 7 DeKalb School of the Arts
5%
A-DII Region 7 Excel Christian School
5%
A-DII Region 7 Fulton Leadership Academy
5%
A-DII Region 7 Genesis Innovation Academy
5%
A-DII Region 8 Georgia Fugees Academy Charter School
5%
A-DII Region 8 Georgia School For Innovation And The Classics
5%
A-D1 Region 5 Martha Ellen Stilwell School of the Arts
5%
A-DII Region 1 Pataula Charter Academy
5%
AA Region 8 Providence Christian School
5%
A-DII Region 6 Rainey McCullars School of The Arts
5%
AA Region 4 Richmond County Technical Career Magnet School
5%
A-DII Region 7 Southwest Atlanta Christian Academy
5%
A-DII Region 1 Southwest Georgia STEM Charter School
5%
A-DII Region 3 Statesboro STEAM Academy
5%
A-DII Region 1 Stewart County High School
5%
A-D1 Region 6 The Paideia School
5%
A-D1 Region 6 The Weber School
5%
A-DII Region 7 W. D. Mohammed School of Atlanta
5%
AAAA Region 1 Westover High School
5%
A-DII Region 7 Woody Gap High School
0%
No matching quizzes found
Score Distribution
Percent of People with Each Score
Percentile by Number Answered
Your Score History
You have not taken this quiz